000 03040nam a22003497a 4500
003 AR-RoUNCS
005 20260514122714.0
007 ta
008 260514s2025 uy a||||r|||| 00| 0 spa d
020 _a9789974022331
040 _aAR-RoUNCS
_bspa
_cAR-RoUNCS
041 _aspa
100 1 _aPalmarola, Hugo
_eautor
245 1 _aDiseño y arquitectura de una revolución /
_cHugo Palmarola.
260 _aMontevideo :
_bFADU,
_c2025.
300 _a102 p. :
_bfots. ;
_c16 cm.
490 0 _aConferencias ;
_v33
500 _aTranscripción de Conferencia inaugural . Segundo semestre de 2024.
505 _tPresentación /
_rJuan Articardi, Carolina Poradosú, Mónica Farkas.
505 _tPresentación /
_rMagdalena Sprechmann y Guillermo Lago.
505 _tPaneles en perspectiva histórica
505 _tCultura popular y adaptaciones
505 _tChile, en una sola pieza y living
505 _tPanel volador
505 _tLa caída
505 _tDiseñar una revolución
505 _tCybersyn
505 _tPreguntas desde el auditorio
520 _aLa conferencia analizará cómo la cultura proyectual en Chile durante el gobierno de Salvador Allende (1970- 1973) se convirtió en un episodio latinoamericano fundamental en la historia del diseño y arquitectura global, al producir una alianza sin precedentes entre socialismo, democracia y cultura proyectual. Cincuenta años después del golpe de Estado civil-militar que puso fin a la democracia chilena y a estas iniciativas de diseño y arquitectura, la realización de las exposiciones y libros “Monolith Controversies” (Venecia 2014), “Flying Panels” (Estocolmo 2019-2020), y “Cómo diseñar una revolución” (Santiago 2023-2024) son un recordatorio de la capacidad transformadora del diseño y de la arquitectura latinoamericana en la complejidad de procesos democráticos orientados a la transformación social y una fuente de inspiración creativa y colectiva. La conferencia abordará algunas de las historias más significativas de una innovadora experiencia de diseño gráfico e industrial, que involucró cucharas dosificadoras de leche en polvo para combatir la desnutrición infantil, carteles de fomento a la acción colectiva y una sala de operaciones cibernética para administrar las industrias estatales. Estos y otros proyectos nos permiten comprender cómo los diseñadores de Chile trabajaron para crear una nueva vía hacia la justicia social, material y visual desde Latinoamérica. En el caso de la arquitectura, la conferencia abordará la historia de la importación de una fábrica de paneles de hormigón, proyecto que formó parte de la tipología de vivienda más extendida alrededor del mundo. Un proyecto de vivienda social masiva e industrializada que permite reflexionar sobre la circulación global de tecnologías y el rol del trabajo colectivo, así como cuestionar la noción de autor y de obra única en la arquitectura.
650 7 _2embne
_aDiseño arquitectónico
_zChile
942 _2udc
_cOG
_n0
999 _c1017
_d1017